000 00718nam a2200217 a 4500
001 BRCA_6057
005 20190320205321.0
008 170608s1994----mx-#---###---#000-0#spa-#
050 4 _aAM23
_b.C67 1994
100 1 _aCórdova Chávez, Carlos Alberto
_95354
245 1 0 _aPasado imperfecto
_blos museos históricos mexicanos, 1790-1964.
260 _aCiudad de México
_c1994
300 _a162 p.
500 _aFotocopias
502 _aTesis Licenciatura (Licenciado en Historia) Escuela Nacional de Antropología e Historia
650 1 4 _aMuseos
_y1790-1964
_zMéxico
_915288
650 1 4 _aMuseos históricos
_zMéxico
_9471
700 1 _aEspinosa Cabrera, Ruben
_easesor
_915289
902 _aTES
942 _2lcc
_cTES
999 _c5744
_d5744